Notes on tourism, ethnicity, and the politics of cultural value in Honduras /

Guardado en:
Bibliografiske detaljer
Hovedforfatter: Anderson, Mark
Format: Texto
Tags: Tilføj Tag
Ingen Tags, Vær først til at tagge denne postø!

MARC

LEADER 00000 a a2200000 04500
001 46383
003
040
100 |a Anderson, Mark  
245 |a Notes on tourism, ethnicity, and the politics of cultural value in Honduras /  |c Mark Anderson  
773 |g páginas 276-292 : tablas, fotos  
999 |c 22040  |d 22040